Bases per al govern de la Diputació de Barcelona 2019-2023 : una agenda municipalista i transformadora : objectius del mandat una agenda municipalista i transformadora : objectius del mandat
Descripción Física:
29 pàgines : il·lustracions : 30 cm
Idioma:
Catalán
MARC
| LEADER | 00000nam a2200000 a 4500 | ||
|---|---|---|---|
| 001 | 25387 | ||
| 003 | Arxiu | ||
| 005 | 20260324181104.0 | ||
| 008 | 220429b spa||||| |||| 00| 0 cat d | ||
| 017 | |a DL B 16748-2020 | ||
| 080 | |a FU-68-51 | ||
| 110 | 1 | |a Barcelona (Catalunya : Província). |b Diputació |9 52408 | |
| 245 | |a Bases per al govern de la Diputació de Barcelona 2019-2023 : |b una agenda municipalista i transformadora : objectius del mandat | ||
| 250 | |a Primera edició | ||
| 260 | |a Barcelona : |b Diputació de Barcelona, |c setembre 2020 | ||
| 300 | |a 29 pàgines : |b il·lustracions : |c 30 cm | ||
| 590 | |a Hi ha un exemplar en català amb R. 19905 | ||
| 610 | 1 | 0 | |9 52706 |a Barcelona (Catalunya : Província). |b Diputació |v Planificació |
| 710 | 1 | |9 52746 |a Barcelona (Catalunya : Província). |b Diputació. |t Pla d'actuació de mandat 2020-2023 | |
| 901 | |a Arxiu | ||
| 942 | |n 1 |2 udc |c ARXIU | ||
| 952 | |0 0 |1 0 |4 0 |6 FU6851 |7 1 |9 61467 |a Arxiu |b Arxiu |d 2022-05-03 |l 0 |o FU-68-51 |p 25387 |r 2022-05-03 00:00:00 |w 2022-05-03 |y ARXIU | ||
| 999 | |c 81420 |d 81420 | ||